|
|
|
|
| LEADER |
00000nam a22000007a 4500 |
| 005 |
20190913223413.0 |
| 007 |
cr|||| |||| |
| 008 |
190913c20119999co fr|w s|||| 0|||b1spa d |
| 022 |
|
|
|a 1692-6722
|
| 035 |
|
|
|a 21967
|
| 040 |
|
|
|a vLex
|
| 090 |
|
|
|c 9517
|d 9517
|
| 245 |
1 |
0 |
|a Revista de Derecho Fiscal
|h [Recurso electrn̤ico] /
|
| 256 |
|
|
|a Servicio en ln̕ea
|
| 260 |
|
|
|a Bogot:̀
|b Universidad Externado de Colombia,
|c 2011 -
|
| 300 |
|
|
|a 1 recurso electrn̤ico
|
| 310 |
|
|
|a Semestral
|
| 362 |
|
|
|a Nð 1 (Mar. 2011) -
|
| 506 |
1 |
|
|a Disponible solo en los productos indicados
|d vLex Global
|d vLex Global (Academic Edition, excluding Law Schools)
|d vLex Global (U.S. Academic Edition, Law Schools)
|d vLex Global (U.S. Academic Edition, excluding Law Schools)
|d vLex Global (Academic Edition, Law Schools)
|
| 650 |
0 |
4 |
|a Derecho Tributario
|z Colombia
|
| 740 |
0 |
|
|a vLex Revistas (Servicio en ln̕ea)
|
| 856 |
4 |
0 |
|u http://vlex.com/source/revista-derecho-fiscal-21967
|z Acceso restringido
|
| 942 |
|
|
|c REV
|
| 999 |
0 |
|
|a Tax Law
|